| 000 | 00383nam a22001457a 4500 | ||
|---|---|---|---|
| 020 | _a0709704844 | ||
| 082 |
_a398.8 _bFOL _cN-01, P-40 |
||
| 100 |
_aEliza Lee Follen _946818 |
||
| 245 |
_aFavourite Nursery Rhymes _cEliza Lee Follen |
||
| 260 |
_aEngland _bBrown Watson |
||
| 300 | _a108 P, : | ||
| 526 |
_a0 _b0 _c0 _d398_800000000000000_FOL |
||
| 650 |
_aMCE _9379 |
||
| 942 |
_2ddc _cBK |
||
| 999 |
_c550079 _d550079 |
||